| 000 | 00727cab a2200253 4500 | ||
|---|---|---|---|
| 001 | ABS46866 | ||
| 008 | 090401t1992 xxu||||| |||| 00| 0 eng d | ||
| 035 | _a(Sirsi) u59834 | ||
| 041 | _aeng | ||
| 245 | _aVOB | ||
| 260 | _c1992 | ||
| 350 | _a0 | ||
| 490 |
_aKonstrukt Germany _v1(3) July 1992, 8-10(3) |
||
| 520 | _aTranslation of VOB Part A, which is DIN 1960 and part of provisions for the award of construction contracts in Germany. | ||
| 650 | _aBUILT ENVIRONMENT-BUILDING CONTRACT FORMS | ||
| 650 | _aDIN STANDARDS | ||
| 650 | _aGERMANY | ||
| 650 | _aTENDERING | ||
| 650 | _aVOB | ||
| 690 | _aBUILT ENVIRONMENT-BUILDING CONTRACT FORMS | ||
| 690 | _aOVERSEAS-EUROPE | ||
| 942 | _n0 | ||
| 948 | _c04/03/1997 | ||
| 999 |
_c36795 _d36795 |
||